000 00643nam a2200217Ia 4500
003 GCL
008 140319s9999 xx 000 0 ara d
040 _aGCL /
_cGCL
082 0 4 _a809.914
_bم ر
100 1 _aمحمد غنيمى هلال
245 1 0 _aالرومانتيكية /
_cمحمد غنيمى هلال
260 _a[S.N] :
_bمكتبة نهضة مصر
300 _a221 ص
490 _a
650 0 4 _aالادب
650 0 4 _aالجمال
650 0 4 _aالرومانتيكية فى الادب العربى
650 0 4 _aالرومانتيكية فى الادب
650 0 4 _aالرومانتيكية
942 _2ddc
_cBK
999 _c30474
_d30474